(فتح فرانس)Fateh-e-France (Urdu) (Record no. 34119)
[ view plain ]
| 000 -LEADER | |
|---|---|
| fixed length control field | 00538nam a2200193Ia 4500 |
| 001 - CONTROL NUMBER | |
| control field | 34601 |
| 003 - CONTROL NUMBER IDENTIFIER | |
| control field | OSt |
| 005 - DATE AND TIME OF LATEST TRANSACTION | |
| control field | 20160412103934.0 |
| 008 - FIXED-LENGTH DATA ELEMENTS--GENERAL INFORMATION | |
| fixed length control field | 140418s9999 xx 000 0 und d |
| 020 ## - INTERNATIONAL STANDARD BOOK NUMBER | |
| International Standard Book Number | NA |
| 040 ## - CATALOGING SOURCE | |
| Transcribing agency | PK-LaUMT |
| 082 ## - DEWEY DECIMAL CLASSIFICATION NUMBER | |
| Classification number | 891.4393 |
| Item number | SAE-F |
| 100 ## - MAIN ENTRY--PERSONAL NAME | |
| Personal name | Saeed, Muhammad |
| 245 ## - TITLE STATEMENT | |
| Title | (فتح فرانس)Fateh-e-France (Urdu) |
| Statement of responsibility, etc | (سعید، محمد)Saeed, Muhammad |
| 260 ## - PUBLICATION, DISTRIBUTION, ETC. (IMPRINT) | |
| Place of publication, distribution, etc | (لاہور،پاکستان)Lahore,Pakistan: |
| Name of publisher, distributor, etc | (بسط ادب)Basat-e-Adab, |
| Date of publication, distribution, etc | 1964 |
| 300 ## - PHYSICAL DESCRIPTION | |
| Extent | 367 P. |
| 546 ## - LANGUAGE NOTE | |
| Language note | EN |
| 942 ## - ADDED ENTRY ELEMENTS (KOHA) | |
| Koha item type | Books |
| Source of classification or shelving scheme | Dewey Decimal Classification |
| Withdrawn status | Lost status | Damaged status | Not for loan | Home library | Current library | Date acquired | Total Checkouts | Total Renewals | Full call number | Barcode | Date last seen | Date checked out | Price effective from | Koha item type |
|---|---|---|---|---|---|---|---|---|---|---|---|---|---|---|
| UMT Main Campus | UMT Main Campus | 2014-04-18 | 5 | 1 | 891.4393 SAE-F | 40542 | 2021-09-20 | 2021-09-20 | 2014-05-05 | Books |
